Encyclopedia of psychology (Record no. 344267)

000 -LEADER
fixed length control field 00507cam a22001577a 4500
008 - FIXED-LENGTH DATA ELEMENTS--GENERAL INFORMATION
fixed length control field 180718b1972 xxu||||| |||| 00| 0 eng d
082 ## - DEWEY DECIMAL CLASSIFICATION NUMBER
Classification number R K9055 En19
245 ## - TITLE STATEMENT
Title Encyclopedia of psychology
Statement of responsibility, etc. edited by H.J. Eysenck, W. Arnold and R. Meili
260 ## - PUBLICATION, DISTRIBUTION, ETC.
Place of publication, distribution, etc. London
Name of publisher, distributor, etc. Search Press
Date of publication, distribution, etc. 1972
300 ## - PHYSICAL DESCRIPTION
Extent 3v.
500 ## - GENERAL NOTE
General note Contents; v.1. A to F,396p.; v.2. G to Phar, 390p.; v.3. Phas to Z, 401p.
650 ## - SUBJECT ADDED ENTRY--TOPICAL TERM
Topical term or geographic name entry element Psychology - Enyclopedias
700 ## - ADDED ENTRY--PERSONAL NAME
Personal name Meili, R.
700 ## - ADDED ENTRY--PERSONAL NAME
Personal name Arnold, W.
700 ## - ADDED ENTRY--PERSONAL NAME
Personal name Eysenck, H.J.
Holdings
Withdrawn status Lost status Damaged status Not for loan Permanent Location Current Location Date acquired Full call number Barcode Date last seen Price effective from Koha item type
        Indian Institute of Public Administration Indian Institute of Public Administration 2010-03-12 R K9055 En19 48477 2018-07-21 2018-07-21 Book
        Indian Institute of Public Administration Indian Institute of Public Administration 2010-03-12 R K9055 En19 47613 2018-07-21 2018-07-21 Book
        Indian Institute of Public Administration Indian Institute of Public Administration 1993-10-03 R K9055 En19 47133 2018-07-21 2018-07-21 Book

Powered by Koha